Japan as a low-crime nation
| Autor principal: | |
|---|---|
| Tipo de documento: | Print Libro |
| Lenguaje: | Inglés |
| Publicado: |
Basingstoke, Hampshire New York, N.Y
Palgrave Macmillan
2004
|
| En: | Año: 2004 |
| Acceso en línea: |
Autorenbiografie (Publisher) Portada Table of Contents (kostenfrei) Verlagsangaben (Publisher) |
| Disponibilidad en Tübingen: | Disponible en Tübingen. UB: KB 20 A 803 |
| Verificar disponibilidad: | HBZ Gateway |
| Servicio de pedido Subito: | Pedir ahora. |
| Palabras clave: |
MARC
| LEADER | 00000cam a2200000 c 4500 | ||
|---|---|---|---|
| 001 | 380845660 | ||
| 003 | DE-627 | ||
| 005 | 20251223203212.0 | ||
| 007 | tu | ||
| 008 | 040309s2004 xxk||||| 00| ||eng c | ||
| 010 | |a 2004042840 | ||
| 016 | 7 | |a 012942798 |2 UK | |
| 020 | |a 1403941114 |c hardback : alk. paper |9 1-4039-4111-4 | ||
| 020 | |a 1403941114 |9 1-4039-4111-4 | ||
| 035 | |a (DE-627)380845660 | ||
| 035 | |a (DE-576)114361711 | ||
| 035 | |a (DE-599)GBV380845660 | ||
| 035 | |a (OCoLC)834726417 | ||
| 035 | |a (OCoLC)54543808 | ||
| 040 | |a DE-627 |b ger |c DE-627 |e rakwb | ||
| 041 | |a eng | ||
| 044 | |c XA-GB |c XD-US | ||
| 050 | 0 | |a HV7113.5 | |
| 050 | 0 | |a HV7113.5.L46 2004 | |
| 082 | 0 | |a 364.952 |q LOC |2 22 | |
| 084 | |a 2 |2 ssgn | ||
| 084 | |a PU 8550 |2 rvk |0 (DE-625)rvk/140719: | ||
| 084 | |a 86.41 |2 bkl | ||
| 100 | 1 | |a Leonardsen, Dag |d 1948- |4 aut | |
| 245 | 1 | 0 | |a Japan as a low-crime nation |c Dag Leonardsen |
| 264 | 1 | |a Basingstoke, Hampshire |a New York, N.Y |b Palgrave Macmillan |c 2004 | |
| 300 | |a XV, 227 S. |c 23 cm | ||
| 336 | |a Text |b txt |2 rdacontent | ||
| 337 | |a ohne Hilfsmittel zu benutzen |b n |2 rdamedia | ||
| 338 | |a Band |b nc |2 rdacarrier | ||
| 500 | |a Includes bibliographical references (p. 212-221) and index | ||
| 583 | 1 | |a Archivierung prüfen |c 20200919 |f DE-640 |z 2 |2 pdager | |
| 650 | 0 | |a Crime |z Japan | |
| 650 | 0 | |a Crime |z Japan |x Sociological aspects | |
| 650 | 0 | |a Social Values |z Japan | |
| 650 | 0 | |a Crime |x Japan | |
| 650 | 0 | |a Crime |x Sociological aspects |x Japan | |
| 650 | 0 | |a Social Values |x Japan | |
| 651 | 0 | |a Japan |x Social conditions |y 1945- | |
| 651 | 0 | |a Japan |x Social conditions |x 1945- | |
| 689 | 0 | 0 | |d g |0 (DE-588)4028495-5 |0 (DE-627)104585102 |0 (DE-576)208977503 |a Japan |2 gnd |
| 689 | 0 | 1 | |d s |0 (DE-588)4020588-5 |0 (DE-627)106317520 |0 (DE-576)208933956 |a Gesellschaft |2 gnd |
| 689 | 0 | 2 | |d s |0 (DE-588)4062653-2 |0 (DE-627)106130862 |0 (DE-576)209145358 |a Verbrechen |2 gnd |
| 689 | 0 | 3 | |d s |0 (DE-588)4033178-7 |0 (DE-627)10458503X |0 (DE-576)209000511 |a Kriminalität |2 gnd |
| 689 | 0 | |5 (DE-627) | |
| 856 | 4 | 2 | |u http://www.loc.gov/catdir/enhancements/fy0617/2004042840-b.html |x Verlag |3 Autorenbiografie |7 1 |
| 856 | 4 | 2 | |u http://www.loc.gov/catdir/enhancements/fy0617/2004042840-d.html |x Verlag |3 Verlagsangaben |7 1 |
| 856 | 4 | 2 | |u http://www.gbv.de/dms/spk/sbb/recht/toc/380845660.pdf |m V:DE-601 |m B:Bibl.ISILDE-601 |q pdf/application |x Verlag |z kostenfrei |3 Inhaltsverzeichnis |7 0 |
| 856 | 4 | 2 | |u https://swbplus.bsz-bw.de/bsz114361711cov.jpg |m V:DE-576 |m X:springer |q image/jpeg |v 20160205124908 |3 Cover |7 1 |
| 935 | |i Blocktest | ||
| 936 | r | v | |a PU 8550 |b Japan |k Rechtswissenschaft |k Ausländisches Privatrecht, Privatrechtsvergleichung und -vereinheitlichung |k Einzelne Länder |k Asien |k Ostasien |k Japan |0 (DE-627)1271449757 |0 (DE-625)rvk/140719: |0 (DE-576)201449757 |
| 936 | b | k | |a 86.41 |j Kriminologie |0 (DE-627)181572001 |
| 951 | |a BO | ||
| ELC | |b 1 | ||
| LOK | |0 000 xxxxxcx a22 zn 4500 | ||
| LOK | |0 001 3184348245 | ||
| LOK | |0 003 DE-627 | ||
| LOK | |0 004 380845660 | ||
| LOK | |0 005 20041109000000 | ||
| LOK | |0 008 041109||||||||||||||||ger||||||| | ||
| LOK | |0 040 |a DE-21 |c DE-627 |d DE-21 | ||
| LOK | |0 852 |a DE-21 | ||
| LOK | |0 852 1 |c KB 20 A 803 |9 00 | ||
| LOK | |0 935 |a krim | ||
| LOK | |0 936ln |a k6.1.3 | ||
| LOK | |0 938 |l 09/11/04 |8 6 | ||
| LOK | |0 939 |a 09-11-04 |b l01 | ||
| ORI | |a SA-MARC-krimdoka001.raw | ||
| SIG | |a UB: KB 20 A 803 | ||
